[Event "Kaltern op 5th"]
[Site "Kaltern"]
[Date "2022.10.21"]
[Round "1"]
[White "Linder, Oliver"]
[Black "Lami, Damiano"]
[Result "1/2-1/2"]
[WhiteElo "1870"]
[BlackElo "2074"]
[PlyCount "129"]
[EventDate "2022.10.21"]
[EventType "swiss"]
[EventRounds "5"]
[EventCountry "ITA"]
[SourceTitle "EXT 2024"]
[Source "ChessBase"]
[SourceDate "2023.10.10"]
[SourceVersion "1"]
[SourceVersionDate "2023.10.10"]
[SourceQuality "1"]

1. d4 d5 2. Nc3 Nf6 3. Bf4 c5 4. e3 e6 5. Nb5 Na6 6. c3 Be7 7. Nf3 Nh5 8. Bg3 Nxg3 9. hxg3 Qb6 10. a4 c4 11. b3 Nb8 12. bxc4 dxc4 13. Qb1 a6 14. Na3 Qb3 15. Qxb3 cxb3 16. Nc4 Nc6 17. Nfd2 Rb8 18. a5 b5 19. axb6 b2 20. Rb1 0-0 21. Rxb2 Rd8 22. Bd3 g6 23. Ke2 e5 24. Nxe5 Nxe5 25. dxe5 Bb7 26. Ra1 f6 27. Bxa6 Bxg2 28. Bc4+ Kh8 29. Ra7 Bc5 30. exf6 Bxb6 31. Ra6 Bc7 32. Rxb8 Rxb8 33. Re6 Bh3 34. Rc6 Be5 35. Be6 Bg2 36. Rc8+ Rxc8 37. Bxc8 Bxc3 38. f7 Kg7 39. Be6 Bb4 40. Nb3 Bb7 41. Nd4 Ba6+ 42. Kf3 Bb7+ 43. Ke2 h5 44. Nc2 Ba5 45. f4 Be4 46. Nd4 Bb4 47. Nf3 Bxf3+ 48. Kxf3 Kf6 49. Bb3 Ba3 50. e4 Ke7 51. Kg2 Bc1 52. Kf3 g5 53. e5 gxf4 54. gxf4 Bb2 55. Ke4 h4 56. f5 h3 57. f6+ Kf8 58. Kf5 h2 59. Bd5 h1Q 60. Bxh1 Ba1 61. Bc6 Bb2 62. Ke6 Ba1 63. Kf5 Bb2 64. e6 Bxf6 65. Kxf6 1/2-1/2

[Event "Santa Eugenia op 13th"]
[Site "Santa Eugenia"]
[Date "2018.07.30"]
[Round "1"]
[White "Linder, Oliver"]
[Black "Recio Romaguera, Enric"]
[Result "1-0"]
[WhiteElo "1963"]
[BlackElo "1484"]
[PlyCount "76"]
[EventDate "2018.07.30"]
[EventType "swiss"]
[EventRounds "9"]
[EventCountry "ESP"]
[SourceTitle "CBM 185 Extra"]
[Source "ChessBase"]
[SourceDate "2018.07.29"]
[SourceVersion "1"]
[SourceVersionDate "2018.07.29"]
[SourceQuality "1"]

1. d4 Nf6 2. Bf4 e6 3. e3 Be7 4. Nd2 0-0 5. Bd3 d5 6. Ngf3 h6 7. Ne5 Nfd7 8. Qg4 Nxe5 9. dxe5 Bg5 10. Bg3 f5 11. exf6 Qxf6 12. h4 e5 13. hxg5 Bxg4 14. gxf6 Rxf6 15. Bxe5 Rf7 16. Rh4 Be6 17. Nf3 c5 18. Bg6 Rd7 19. 0-0-0 Nc6 20. Bc3 Rf8 21. Rd2 Bf5 22. Bxf5 Rxf5 23. e4 Rff7 24. Rxd5 Rxd5 25. exd5 Nd4 26. Nxd4 cxd4 27. Rxd4 Rxf2 28. d6 Rf8 29. Rg4 Kf7 30. Rxg7+ Ke6 31. Rxb7 Rf1+ 32. Kd2 Kxd6 33. Rxa7 Rf2+ 34. Kd3 Rxg2 35. Ra6+ Kd5 36. Bd2 Ke5 37. Rxh6 Rg4 38. Rh5+ Ke6 1-0

[Event "Santa Eugenia op 13th"]
[Site "Santa Eugenia"]
[Date "2018.07.30"]
[Round "2"]
[White "Olcina Monells, Jordi"]
[Black "Linder, Oliver"]
[Result "0-1"]
[WhiteElo "1636"]
[BlackElo "1963"]
[PlyCount "106"]
[EventDate "2018.07.30"]
[EventType "swiss"]
[EventRounds "9"]
[EventCountry "ESP"]
[SourceTitle "CBM 185 Extra"]
[Source "ChessBase"]
[SourceDate "2018.07.29"]
[SourceVersion "1"]
[SourceVersionDate "2018.07.29"]
[SourceQuality "1"]

1. e4 e6 2. d4 d5 3. Nc3 Nc6 4. Nf3 Nf6 5. e5 Ne4 6. Be3 Bb4 7. Qd3 0-0 8. a3 Nxc3 9. bxc3 Be7 10. Be2 b6 11. 0-0 a5 12. Rfd1 Ba6 13. Qd2 Bxe2 14. Qxe2 f6 15. c4 dxc4 16. Qxc4 Qd5 17. Qxd5 exd5 18. Rd3 Nd8 19. Rc1 b5 20. Nd2 fxe5 21. dxe5 c6 22. Nb3 Ne6 23. Nd2 Rfd8 24. Nf3 c5 25. Ra1 d4 26. Bc1 c4 27. Rd1 Rd5 28. c3 Rad8 29. cxd4 Nxd4 30. Nxd4 Rxd4 31. Rxd4 Rxd4 32. Bb2 Rd3 33. Kf1 c3 34. Bc1 Kf7 35. Ke2 Rd5 36. f4 Ke6 37. g4 g6 38. Be3 g5 39. Kf3 gxf4 40. Bxf4 Bc5 41. h3 Bd4 42. Rb1 Bxe5 43. Bxe5 Kxe5 44. Ke3 Kd6 45. Rb3 Rc5 46. Rb1 Rc4 47. Kd3 Kc5 48. Re1 Kd5 49. Rc1 b4 50. axb4 axb4 51. Rc2 Rd4+ 52. Ke3 Rc4 53. Rf2 Re4+ 0-1

[Event "Verbandsliga Nordbaden 1516"]
[Site "Baden"]
[Date "2016.03.06"]
[Round "7.8"]
[White "Linder, Oliver"]
[Black "Oden, Edgar"]
[Result "1/2-1/2"]
[WhiteElo "1925"]
[BlackElo "2008"]
[PlyCount "39"]
[EventDate "2015.09.27"]
[EventType "team-tourn"]
[EventRounds "9"]
[EventCountry "GER"]
[SourceTitle "EXT 2022"]
[Source "ChessBase"]
[SourceDate "2021.10.06"]
[SourceVersion "1"]
[SourceVersionDate "2021.10.06"]
[SourceQuality "1"]
[WhiteTeam "Pforzheim"]
[BlackTeam "Bad Mergentheim II"]
[WhiteTeamCountry "GER"]
[BlackTeamCountry "GER"]

1. d4 Nf6 2. Bf4 d5 3. e3 e6 4. Nf3 Be7 5. Ne5 0-0 6. Nd2 c5 7. c3 Nbd7 8. Bd3 Re8 9. Ndf3 Ne4 10. Qc2 f5 11. Nxd7 Bxd7 12. Ne5 Rf8 13. h3 Nf6 14. 0-0 Qe8 15. Qe2 Bc6 16. b3 Rd8 17. Rad1 Bd6 18. Nxc6 Qxc6 19. Bxd6 Rxd6 20. Rc1 1/2-1/2

[Event "Coimbra Queima das Fitas op"]
[Site "Coimbra"]
[Date "2015.05.02"]
[Round "5"]
[White "Gomes, Hugo Antonio Alexan"]
[Black "Linder, Oliver"]
[Result "0-1"]
[WhiteElo "1672"]
[BlackElo "1955"]
[PlyCount "26"]
[EventDate "2015.04.30"]
[EventType "swiss"]
[EventRounds "7"]
[EventCountry "POR"]
[SourceTitle "EXT 2018"]
[Source "ChessBase"]
[SourceDate "2017.10.13"]
[SourceVersion "1"]
[SourceVersionDate "2017.10.13"]
[SourceQuality "1"]

1. e4 e6 2. d4 d5 3. Nd2 Nc6 4. Ngf3 Nf6 5. e5 Nd7 6. Bd3 f6 7. Nh4 g6 8. Nxg6 hxg6 9. Bxg6+ Ke7 10. Qg4 Ndxe5 11. dxe5 Nxe5 12. Qb4+ Kd7 13. Qa4+ b5 0-1

[Event "Coimbra Queima das Fitas op"]
[Site "Coimbra"]
[Date "2015.05.01"]
[Round "2"]
[White "Linder, Oliver"]
[Black "Garcia Serrano, Jose Manuel1111"]
[Result "1/2-1/2"]
[WhiteElo "1955"]
[BlackElo "1792"]
[PlyCount "139"]
[EventDate "2015.04.30"]
[EventType "swiss"]
[EventRounds "7"]
[EventCountry "POR"]
[SourceTitle "EXT 2018"]
[Source "ChessBase"]
[SourceDate "2017.10.13"]
[SourceVersion "1"]
[SourceVersionDate "2017.10.13"]
[SourceQuality "1"]

1. d4 d5 2. Nf3 Nc6 3. Bf4 Bg4 4. e3 e6 5. c4 Bd6 6. Bxd6 Qxd6 7. c5 Bxf3 8. gxf3 Qe7 9. Qb3 Nd8 10. Nc3 Nf6 11. 0-0-0 0-0 12. f4 Rb8 13. Bd3 Nc6 14. Rd2 b5 15. Qd1 a6 16. Qf3 Rfd8 17. Rg1 Na7 18. Qg3 Ne8 19. f5 a5 20. f4 a4 21. Rdg2 Kh8 22. fxe6 Qxe6 23. f5 Qf6 24. Ne2 Nc6 25. Nf4 Qh6 26. Qf3 a3 27. b3 Rd7 28. Kd1 Nb4 29. Bb1 c6 30. Nh5 Re7 31. Rg3 Rxe3 32. Qxe3 Qxh5+ 33. Qe2 Qh4 34. Rg4 Qf6 35. Qe5 Qxe5 36. dxe5 Na6 37. b4 Rb7 38. R1g3 Re7 39. Rxa3 Nac7 40. Re3 Nf6 41. Rh4 Nd7 42. e6 fxe6 43. fxe6 Nf6 44. Bf5 h6 45. Rd4 Nh7 46. h4 Nf8 47. Rd2 g6 48. Bh3 Kg7 49. Rde2 Nh7 50. Rf3 Nf6 51. Ref2 Nce8 52. Kc2 Ne4 53. Rf7+ Rxf7 54. exf7 N8f6 55. Rf4 Kxf7 56. Bd7 g5 57. hxg5 hxg5 58. Rf1 Ng3 59. Rf3 Ne2 60. Rf2 Ke7 61. Rxe2+ Kxd7 62. Kd3 Ne4 63. Rh2 g4 64. Rh7+ Kc8 65. Rg7 g3 66. Ke3 Kd8 67. Rg6 Kd7 68. Rg7+ Kd8 69. Rg8+ Kd7 70. Rg7+ 1/2-1/2

[Event "Verbandsliga Nord Baden 1314"]
[Site "Germany"]
[Date "2014.03.23"]
[Round "8.8"]
[White "Linder, Oliver"]
[Black "Kraemer, Enrico"]
[Result "0-1"]
[WhiteElo "1949"]
[BlackElo "2155"]
[PlyCount "60"]
[EventDate "2013.10.20"]
[EventType "team-tourn"]
[EventRounds "9"]
[EventCountry "GER"]
[SourceTitle "EXT 2015"]
[Source "ChessBase"]
[SourceDate "2014.11.20"]
[SourceVersion "1"]
[SourceVersionDate "2014.11.20"]
[SourceQuality "1"]
[WhiteTeam "Pforzheim"]
[BlackTeam "Leimen"]
[WhiteTeamCountry "GER"]
[BlackTeamCountry "GER"]

1. d4 Nf6 2. Nf3 g6 3. Nc3 d5 4. Bf4 Bg7 5. e3 0-0 6. Be2 c5 7. Ne5 Nc6 8. 0-0 cxd4 9. exd4 Bf5 10. Nxc6 bxc6 11. Be5 Bh6 12. Bd3 Bg4 13. Be2 Bxe2 14. Qxe2 Nd7 15. Bg3 Bg7 16. Rfd1 Re8 17. Qa6 Qb6 18. Qa3 e5 19. dxe5 Nxe5 20. Na4 Qa5 21. b4 Qb5 22. Rab1 Nc4 23. Qb3 a5 24. bxa5 Qxa5 25. Nb6 Nd2 26. Qd3 Nxb1 27. Nxa8 Nc3 28. Nc7 Ne2+ 29. Kh1 Nxg3+ 30. hxg3 Qxc7 0-1

[Event "Robecchetto op-A 24th"]
[Site "Robecchetto"]
[Date "2013.12.29"]
[Round "4"]
[White "Bardone, Lorenzo"]
[Black "Linder, Oliver"]
[Result "1-0"]
[WhiteElo "1957"]
[BlackElo "1960"]
[PlyCount "101"]
[EventDate "2013.12.27"]
[EventType "swiss"]
[EventRounds "6"]
[EventCountry "ITA"]
[SourceTitle "EXT 2015"]
[Source "ChessBase"]
[SourceDate "2014.11.20"]
[SourceVersion "1"]
[SourceVersionDate "2014.11.20"]
[SourceQuality "1"]

1. e4 e6 2. d4 d5 3. Nc3 Be7 4. Nf3 Nf6 5. Bd3 dxe4 6. Nxe4 Nbd7 7. Ng3 c5 8. c3 a6 9. 0-0 b5 10. a4 c4 11. Be2 Bb7 12. b3 Bd5 13. bxc4 bxc4 14. a5 0-0 15. Bf4 h6 16. Nd2 Rc8 17. Ra4 Ne8 18. Nxc4 Bc6 19. Ra1 Bb5 20. Qb3 Ndf6 21. Ne5 Nd5 22. Bd2 Bxe2 23. Nxe2 Nd6 24. c4 Ne4 25. Qd3 Nxd2 26. Qxd2 Nf6 27. Rfc1 Qc7 28. Qc2 Bd6 29. Nf3 Rfd8 30. Qa4 g5 31. c5 Bf4 32. Nxf4 Qxf4 33. Rd1 Ne4 34. Qc2 g4 35. Ne1 Qf5 36. Rab1 Qd5 37. Rbc1 Nd6 38. Qe2 Nb5 39. Qxg4+ Kh7 40. Qf4 f5 41. Nf3 Rg8 42. Kf1 Rc6 43. Qe5 Qb3 44. d5 Rxc5 45. Qxe6 Nc3 46. Qe7+ Rg7 47. Qxc5 Nxd1 48. Qc4 Qxc4+ 49. Rxc4 Nb2 50. Rc6 Rd7 51. d6 1-0

[Event "Robecchetto op-A 24th"]
[Site "Robecchetto"]
[Date "2013.12.27"]
[Round "1"]
[White "Linder, Oliver"]
[Black "Boschetti, Claudio"]
[Result "1-0"]
[WhiteElo "1960"]
[BlackElo "2111"]
[PlyCount "117"]
[EventDate "2013.12.27"]
[EventType "swiss"]
[EventRounds "6"]
[EventCountry "ITA"]
[SourceTitle "EXT 2015"]
[Source "ChessBase"]
[SourceDate "2014.11.20"]
[SourceVersion "1"]
[SourceVersionDate "2014.11.20"]
[SourceQuality "1"]

1. d4 Nf6 2. Nf3 g6 3. Nc3 d5 4. Bf4 Bg7 5. e3 c6 6. Be2 Nbd7 7. Ne5 Qb6 8. a3 Nxe5 9. Bxe5 Bf5 10. Na4 Qa5+ 11. c3 h5 12. Nc5 Bc8 13. b4 Qd8 14. a4 0-0 15. 0-0 b6 16. Nd3 Ne4 17. Rc1 f6 18. Bf4 Be6 19. h3 Qd7 20. Bh2 Bf7 21. Nb2 e5 22. c4 exd4 23. exd4 Rad8 24. c5 bxc5 25. bxc5 Rfe8 26. f3 Ng5 27. Nd3 Qe7 28. Nf4 Qe3+ 29. Kh1 f5 30. Ba6 Qxd4 31. Qxd4 Bxd4 32. Bb7 Be3 33. Bxc6 Re7 34. Rcd1 d4 35. Nd3 Bb3 36. Bd6 Re6 37. Ra1 Nf7 38. Ra3 Bc4 39. Bb5 Nxd6 40. cxd6 Bxd3 41. Bxd3 Rexd6 42. g4 hxg4 43. hxg4 f4 44. Rb1 Rc8 45. Kg2 Rdc6 46. Rab3 R8c7 47. Kf1 Kg7 48. Ke2 Kf6 49. Rb5 Rh7 50. g5+ Ke6 51. Bxg6 Rh2+ 52. Kd3 Bc1 53. Bf5+ Kd6 54. Kxd4 Be3+ 55. Ke4 Rc4+ 56. Kd3 Rxa4 57. Kc3 a6 58. Rb7 Kc6 59. Bd7+ 1-0

[Event "Verbandsliga Nord Baden 1314"]
[Site "Germany"]
[Date "2013.12.08"]
[Round "3.8"]
[White "Mueller, Jens"]
[Black "Linder, Oliver"]
[Result "0-1"]
[WhiteElo "2031"]
[BlackElo "1960"]
[PlyCount "60"]
[EventDate "2013.10.20"]
[EventType "team-tourn"]
[EventRounds "9"]
[EventCountry "GER"]
[SourceTitle "EXT 2015"]
[Source "ChessBase"]
[SourceDate "2014.11.20"]
[SourceVersion "1"]
[SourceVersionDate "2014.11.20"]
[SourceQuality "1"]
[WhiteTeam "Weinheim"]
[BlackTeam "Pforzheim"]
[WhiteTeamCountry "GER"]
[BlackTeamCountry "GER"]

1. e4 e6 2. d4 d5 3. exd5 exd5 4. c3 Bd6 5. Bd3 Nc6 6. Qf3 Nge7 7. Ne2 Be6 8. Bf4 Ng6 9. Bxd6 Qxd6 10. Qg3 Qd7 11. Nd2 0-0-0 12. 0-0-0 Nce7 13. f4 Bf5 14. Kb1 Rhe8 15. Rde1 h5 16. Nc1 Bxd3+ 17. Nxd3 Qf5 18. Re3 Ng8 19. Rhe1 Nf6 20. Rxe8 Rxe8 21. Rxe8+ Nxe8 22. Qe3 Nf6 23. g3 Kd8 24. b3 Ng4 25. Qe2 Nxh2 26. Kb2 Ng4 27. Nf3 Qe4 28. Qf1 Ne3 29. Qb1 Qxf3 30. Nc5 Qe2+ 0-1

[Event "Verbandsliga Nord Baden 1314"]
[Site "Germany"]
[Date "2013.11.17"]
[Round "2.8"]
[White "Linder, Oliver"]
[Black "Schulenburg, Bernd"]
[Result "1/2-1/2"]
[WhiteElo "1960"]
[BlackElo "2176"]
[PlyCount "115"]
[EventDate "2013.10.20"]
[EventType "team-tourn"]
[EventRounds "9"]
[EventCountry "GER"]
[SourceTitle "EXT 2015"]
[Source "ChessBase"]
[SourceDate "2014.11.20"]
[SourceVersion "1"]
[SourceVersionDate "2014.11.20"]
[SourceQuality "1"]
[WhiteTeam "Pforzheim"]
[BlackTeam "Heidelberg"]
[WhiteTeamCountry "GER"]
[BlackTeamCountry "GER"]

1. d4 Nf6 2. Nf3 e6 3. e3 b6 4. Bd3 d5 5. b3 Bd6 6. Bb2 0-0 7. Nbd2 Bb7 8. 0-0 c5 9. Ne5 Nfd7 10. f4 f5 11. Ndf3 Nf6 12. Qe2 Nc6 13. c4 Ne4 14. Rac1 Nxe5 15. Nxe5 Rc8 16. Qh5 Rc7 17. Bxe4 fxe4 18. Ng4 Rf5 19. Qh3 Qe8 20. cxd5 Bxd5 21. dxc5 Rxc5 22. Bd4 Rxc1 23. Rxc1 Rf7 24. Qh5 Qd8 25. Ne5 Rc7 26. Rxc7 Qxc7 27. Qe8+ Bf8 28. Nd7 Qd6 29. Be5 Qe7 30. Qxe7 Bxe7 31. Bb8 Bc5 32. Nxc5 bxc5 33. Bxa7 c4 34. bxc4 Bxc4 35. a4 Kf7 36. Bd4 g6 37. Kf2 Ke7 38. a5 Kd6 39. Kg3 Bf1 40. Kf2 Ba6 41. g3 Bd3 42. Kg2 Ke7 43. Kh3 Kf7 44. Kh4 h5 45. Kg5 Be2 46. h3 Bf1 47. g4 hxg4 48. hxg4 Bd3 49. Kh4 Ke7 50. Kg3 Kd7 51. Bb6 Be2 52. Bc5 Kc6 53. Bb6 Kd7 54. g5 Kc6 55. Kf2 Ba6 56. Ke1 Kd5 57. Kd2 Kc4 58. Bc7 1/2-1/2

[Event "Trieste op 15th"]
[Site "Trieste"]
[Date "2013.09.06"]
[Round "8"]
[White "Linder, Oliver"]
[Black "Al Zayat, Ahmed"]
[Result "1/2-1/2"]
[WhiteElo "1983"]
[BlackElo "2109"]
[PlyCount "125"]
[EventDate "2013.08.31"]
[EventType "swiss"]
[EventRounds "9"]
[EventCountry "ITA"]
[SourceTitle "CBM 156 Extra"]
[Source "ChessBase"]
[SourceDate "2013.10.22"]
[SourceVersion "1"]
[SourceVersionDate "2013.10.22"]
[SourceQuality "1"]

1. d4 Nf6 2. Bf4 e6 3. e3 b6 4. Nf3 Be7 5. h3 Bb7 6. Bd3 d6 7. 0-0 0-0 8. c4 Nbd7 9. Nc3 Re8 10. Qc2 Nf8 11. e4 Ng6 12. Bh2 Nh5 13. Qd2 e5 14. dxe5 dxe5 15. Nxe5 Bg5 16. f4 Nxe5 17. fxg5 Qd4+ 18. Kh1 Nxd3 19. Rad1 Rad8 20. Nd5 c6 21. Qxd3 Qxd3 22. Rxd3 cxd5 23. g4 Rxe4 24. gxh5 Re2 25. Kg1 Rxb2 26. Rd4 Re8 27. cxd5 Ree2 28. Bf4 Rg2+ 29. Kh1 Rxa2 30. Re1 h6 31. Re8+ Kh7 32. gxh6 Rgf2 33. Kg1 Ba6 34. Re1 gxh6 35. Be5 Rg2+ 36. Kh1 Rg5 37. Rg4 Bb7 38. Rxg5 Bxd5+ 39. Kg1 hxg5 40. Rd1 Be6 41. Rd8 f6 42. Bxf6 Bg8 43. Rd7+ Kh6 44. Rd8 Bh7 45. Rd5 Kxh5 46. Rxg5+ Kh6 47. h4 Bg6 48. Re5 a5 49. Rb5 Be4 50. Rxb6 a4 51. Rb4 Bf5 52. Kf1 Kh5 53. Ke1 Be6 54. Rb1 Kg6 55. Be7 Rh2 56. Rb6 Kf7 57. Bd6 Rxh4 58. Kd2 Rh3 59. Ra6 Bd7 60. Bc5 Bb5 61. Rb6 Bf1 62. Rb4 Rd3+ 63. Ke1 1/2-1/2

[Event "Trieste op 15th"]
[Site "Trieste"]
[Date "2013.09.01"]
[Round "2"]
[White "Mazi, Leon"]
[Black "Linder, Oliver"]
[Result "1-0"]
[WhiteElo "2368"]
[BlackElo "1983"]
[PlyCount "79"]
[EventDate "2013.08.31"]
[EventType "swiss"]
[EventRounds "9"]
[EventCountry "ITA"]
[SourceTitle "CBM 156 Extra"]
[Source "ChessBase"]
[SourceDate "2013.10.22"]
[SourceVersion "1"]
[SourceVersionDate "2013.10.22"]
[SourceQuality "1"]

1. e4 e6 2. d3 d5 3. Nd2 c5 4. Ngf3 Nc6 5. g3 Nf6 6. Bg2 Be7 7. 0-0 dxe4 8. dxe4 e5 9. c3 0-0 10. Re1 Qc7 11. Qe2 h6 12. Nc4 Bg4 13. h3 Be6 14. Nh4 Qc8 15. Kh2 Ne8 16. Nf3 Qc7 17. Ne3 Rd8 18. Nf5 Bf6 19. Nd2 Nd6 20. Ne3 Nc8 21. Nd5 Bxd5 22. exd5 N6e7 23. Ne4 Nxd5 24. c4 Nde7 25. Nxf6+ gxf6 26. Bxh6 Rfe8 27. h4 Qd7 28. b3 b6 29. Rad1 Qe6 30. Bh3 f5 31. Bg5 f6 32. Be3 Nc6 33. Qf3 N8e7 34. g4 fxg4 35. Bxg4 f5 36. Bh3 Rxd1 37. Rxd1 Nd4 38. Qh5 Ng6 39. Rg1 Kf7 40. Qh7+ 1-0

[Event "Trieste op 15th"]
[Site "Trieste"]
[Date "2013.08.31"]
[Round "1"]
[White "Linder, Oliver"]
[Black "Chetverik, Maxim"]
[Result "1/2-1/2"]
[WhiteElo "1983"]
[BlackElo "2260"]
[PlyCount "110"]
[EventDate "2013.08.31"]
[EventType "swiss"]
[EventRounds "9"]
[EventCountry "ITA"]
[SourceTitle "CBM 156 Extra"]
[Source "ChessBase"]
[SourceDate "2013.10.22"]
[SourceVersion "1"]
[SourceVersionDate "2013.10.22"]
[SourceQuality "1"]

1. d4 f5 2. Bg5 c6 3. Qd3 Qa5+ 4. Bd2 Qb6 5. Nc3 e6 6. 0-0-0 Nf6 7. e4 g6 8. h4 d5 9. exf5 gxf5 10. Re1 Be7 11. Bg5 0-0 12. Nf3 Na6 13. Bh6 Nb4 14. Qd2 Ne4 15. Nxe4 fxe4 16. Bxf8 Kxf8 17. Ne5 Ke8 18. Rh3 c5 19. a3 Nc6 20. Rb3 Qc7 21. Nxc6 bxc6 22. dxc5 Bxc5 23. f3 e3 24. Rbxe3 Bxe3 25. Qxe3 Rb8 26. Qe5 Qxe5 27. Rxe5 Kf7 28. Bd3 h6 29. g4 Bd7 30. f4 Kg7 31. Re1 Rf8 32. Rf1 c5 33. b3 e5 34. fxe5 Rxf1+ 35. Bxf1 Bxg4 36. Bg2 Be6 37. h5 d4 38. Bf3 Bf5 39. Kd2 Kf7 40. Bd5+ Ke7 41. c3 Bg4 42. cxd4 cxd4 43. Kd3 Bxh5 44. b4 Be8 45. Kxd4 h5 46. Ke4 Bd7 47. Kf4 h4 48. b5 Be6 49. Bxe6 Kxe6 50. a4 h3 51. Kg3 Kxe5 52. a5 Kd6 53. b6 axb6 54. axb6 Kc6 55. Kxh3 Kxb6 1/2-1/2

[Event "Baden-ch"]
[Site "Birkenfeld"]
[Date "2013.06.02"]
[Round "9"]
[White "Linder, Oliver"]
[Black "Zieger, Bernd"]
[Result "1/2-1/2"]
[WhiteElo "1998"]
[BlackElo "2013"]
[PlyCount "58"]
[EventDate "2013.05.26"]
[EventType "swiss"]
[EventRounds "9"]
[EventCountry "GER"]
[SourceTitle "EXT 2014"]
[Source "ChessBase"]
[SourceDate "2013.11.20"]
[SourceVersion "1"]
[SourceVersionDate "2013.11.20"]
[SourceQuality "1"]

1. d4 d5 2. Bf4 c5 3. e3 e6 4. Nf3 Nc6 5. c3 Nf6 6. Nbd2 Nh5 7. Bg5 Be7 8. Bxe7 Qxe7 9. Bb5 Bd7 10. 0-0 Nf6 11. a4 0-0 12. Re1 a6 13. Bf1 cxd4 14. exd4 Na7 15. Ne5 b5 16. Nxd7 Qxd7 17. Nb3 Ne4 18. f3 Nd6 19. Nc5 Qc6 20. axb5 axb5 21. Ra6 Qc7 22. Qa1 Rfb8 23. Qa2 b4 24. Ra1 bxc3 25. bxc3 Ndc8 26. Qa4 Qe7 27. Ra3 Rb2 28. Rb3 Rb8 29. Rxb2 Rxb2 1/2-1/2